Statistics for Quotes from Latin Quiz

Click here to take the quiz!

General Stats

  • This quiz has been taken 144 times
  • The average score is 9 of 16

Answer Stats

PersonQuote% Correct
René DescartesI {think}, therefore I am
93%
Iulius CaesarI came, I saw, I {conquered}!
87%
Horace{Seize} the day
85%
Iulius CaesarYou as well, {Brutus}?
77%
SenecaWe learn not for school, but for {life}
73%
Unknown*Nothing comes from {nothing}
68%
UnknownOne hand washes the {other}
65%
ErasmusThere is {truth} in whine
59%
de Coubertin{Faster}, higher, stronger
53%
ErasmusAs long as there is life there is {hope}
52%
CiceroDeeds not {words}
47%
CiceroThe {exception} confirms the rule
47%
SenecaHe who has {much} desires more
31%
CindarellaTrust {no} {one}
28%
Iulius Caesar{Gaul} as a whole is divided into three parts
23%
UnknownHear, See, be {silent}, if you wish to live
7%

Score Distribution

Percentile by Number Answered

Percent of People with Each Score

Your Score History

You have not taken this quiz